00558nam a2200181 a 45000010010000000030011000100080041000210350026000620820016000881000021001042450040001252600049001656500019002149420012002339520096002459980020003419990015003610000-9318ELIB.Books110520 1989  a(ELIB.Books)0000-9470 a248.4 bMal aMalony H. Newton aWhen Getting Along Seems Impossible bOld Tappan: Fleming H. Revell Company c1989 aChristian Life 2ddccBK 00102ddc4070aKBTSbKBTSd2011-05-20l0p3053,14050r2022-01-22 00:00:00w2022-01-22yBK cbate2011-05-20 c9318d9318